00488nam a2200145Ia 4500008004100000100001700041245013000058245001700188260005900205260000900264300001000273650001800283650001500301856002600316170221s9999 xx 000 0 und d aPeter Bryant aIf a Tree Falls in the Forest: The Role of Community Formation and the Power of the Individual in Zine Making Participation  cPeter Bryant bOnline Journal of Communication and Media Technologies c2014 a4 : 3 xCommunication xMedia Arts uhttp://www.ojcmt.net/